সুলতান জমজমা / (Record no. 49125)
[ view plain ]
| 000 -LEADER | |
|---|---|
| fixed length control field | 00954nam a2200241 a 4500 |
| 001 - CONTROL NUMBER | |
| control field | 49125 |
| 003 - CONTROL NUMBER IDENTIFIER | |
| rucl marc code | BD-RjUL |
| 005 - DATE AND TIME OF LATEST TRANSACTION | |
| control field | 20211209054634.0 |
| 008 - FIXED-LENGTH DATA ELEMENTS--GENERAL INFORMATION | |
| fixed length control field | 160817s1969 bg ||||| |||| 00| 0 ben d |
| 020 ## - INTERNATIONAL STANDARD BOOK NUMBER | |
| Terms of availability | : Tk.3.50 |
| 035 ## - SYSTEM CONTROL NUMBER | |
| System control number | (BD-RjUL)49244 |
| 040 ## - CATALOGING SOURCE | |
| Original cataloging agency | BD-RjUL |
| Language of cataloging | ben |
| Transcribing agency | BD-RjUL |
| Modifying agency | BD-RjUL |
| 041 ## - LANGUAGE CODE | |
| Language code of text/sound track or separate title | ben |
| 082 ## - DEWEY DECIMAL CLASSIFICATION NUMBER | |
| Edition number | 23 |
| Classification number | 891.441 |
| Author mark and year | FAS 1969 |
| 100 ## - MAIN ENTRY--PERSONAL NAME | |
| Personal name | ফয়জুল্লাহ্, মীর |
| 9 (RLIN) | 147731 |
| 245 10 - TITLE STATEMENT | |
| Title | সুলতান জমজমা / |
| Statement of responsibility, etc. | মীর ফয়জুল্লাহ্ ; আবদুল গফুরঃ সম্পাদিত |
| 260 ## - PUBLICATION, DISTRIBUTION, ETC. (IMPRINT) | |
| Place of publication, distribution, etc. | ঢাকা : |
| Name of publisher, distributor, etc. | কেন্দ্রীয় বাঙলা-উন্নয়ন-বোর্ড, |
| Date of publication, distribution, etc. | ১৯৬৯ |
| 300 ## - PHYSICAL DESCRIPTION | |
| Pagination | ১৫৬ পৃ. ; |
| Size | ২১ সেমি. |
| 650 ## - SUBJECT ADDED ENTRY--TOPICAL TERM | |
| Topical term or geographic name as entry element | বাংলা কবিতা |
| 9 (RLIN) | 147732 |
| Topical term or geographic name as entry element | Bengali poetry |
| 9 (RLIN) | 147733 |
| 700 ## - ADDED ENTRY--PERSONAL NAME | |
| Personal name | গফুর, আবদুলঃ সম্পাদিত |
| 942 ## - ADDED ENTRY ELEMENTS (KOHA) | |
| Source of classification or shelving scheme | Dewey Decimal Classification |
| Koha item type | Books |
| Lost status | Source of classification or shelving scheme | Damaged status | Not for loan | Collection code | Permanent Location | Current Location | Shelving location | Date acquired | Source of acquisition | Cost, normal purchase price | Total Checkouts | Full call number | Date last seen | Copy number | Koha item type |
|---|---|---|---|---|---|---|---|---|---|---|---|---|---|---|---|
| Dewey Decimal Classification | Non-fiction | Central Library, University of Rajshahi | Central Library, University of Rajshahi | 15/05/1970 | Nowrose | 3.50 | B 891.441 FAS 1969 | 17/08/2016 | C-2 | Books | |||||
| Dewey Decimal Classification | Non-fiction | Central Library, University of Rajshahi | Central Library, University of Rajshahi | 29/06/1977 | Eureka book agency,Rajshahi | 3.50 | B 891.441 FAS 1969 | 19/09/2016 | C-3 | Books | |||||
| Dewey Decimal Classification | Non-fiction | Central Library, University of Rajshahi | Central Library, University of Rajshahi | 15/05/1970 | Nawroge | 3.50 | B 891.441 FAS 1969 | 21/09/2016 | C-4 | Books | |||||
| Dewey Decimal Classification | Non-fiction | Central Library, University of Rajshahi | Central Library, University of Rajshahi | 29/06/1977 | Ureka Book Akademi, Rajshahi | 3.50 | B 891.441 FAS 1969 | 03/10/2016 | C-5 | Books |